Makhzan-E-Qissa (Record no. 4248)

MARC details
000 -LEADER
fixed length control field 00546nam a2200229 a 4500
020 ## - INTERNATIONAL STANDARD BOOK NUMBER
ISBN
082 00 - DEWEY DECIMAL CLASSIFICATION NUMBER
Classification number 891.4393
Author Cutter MAR
100 ## - MAIN ENTRY--AUTHOR NAME
Author name Marston, Louise
245 ## - TITLE STATEMENT
Title Makhzan-E-Qissa
260 ## - PUBLICATION, DISTRIBUTION, ETC. (IMPRINT)
Place of publication Allahabad
Name of publisher North India Christian Tracts
Year of publication 1914
300 ## - PHYSICAL DESCRIPTION
Number of Pages 117p
500 ## - GENERAL NOTE
General note includes index and biblioraphy
505 2# - FORMATTED CONTENTS NOTE
Formatted contents note Appendix
942 ## - ADDED ENTRY ELEMENTS (KOHA)
Koha item type Books
700 1# -
-- Marston, Louise
Holdings
Collection code Home library Current library Date acquired Cost, normal purchase price Full call number Accession Number Koha item type
  Henry Martyn Institute Library Henry Martyn Institute Library 05/24/2005 0.00 891.4393 MAR 06675 Books
                   Copyright © 2026 | Henry Martyn Institute | Hyderabad | TS-500052 | INDIA | Implemented by hmi.edu.in
Hit-Count:

Powered by Koha